Governance in education / (Record no. 103693)

MARC details
000 -LEADER
fixed length control field 00526nam a22001817a 4500
005 - DATE AND TIME OF LATEST TRANSACTION
control field 20160927154111.0
010 ## - LCCN (DPL NO)
LC control number ENG-116117
020 ## - INTERNATIONAL STANDARD BOOK NUMBER
International Standard Book Number 9788189056292
Terms of availability 400.00
035 ## - SYSTEM CONTROL NUMBER
System control number EN-99649
037 ## - SOURCE OF ACQUISITION
Source of stock number/acquisition DBAD/PUB
082 ## - DEWEY DECIMAL CLASSIFICATION NUMBER
Classification number 371.2
100 ## - MAIN ENTRY--PERSONAL NAME
Personal name Tripathi, Krishna Mohan
245 ## - TITLE STATEMENT
Title Governance in education /
Statement of responsibility, etc by krishna Mohan Tripathi
260 ## - PUBLICATION, DISTRIBUTION, ETC. (IMPRINT)
Place of publication, distribution, etc Allahbad
Name of publisher, distributor, etc Shivam Prakashan
Date of publication, distribution, etc 2015
270 ## - ADDRESS
Address 379A,Shivkuti
City Allahbad
Postal code 211002
300 ## - PHYSICAL DESCRIPTION
Extent 112p. :
Other physical details ill
Dimensions 22cm(Hb)
942 ## - ADDED ENTRY ELEMENTS (KOHA)
Source of classification or shelving scheme Dewey Decimal Classification
Item type English Books
Classification part 371.2
Call number suffix TRI
Holdings
Withdrawn status Lost status Not for loan Collection code Home library Current library Date acquired Source of acquisition Cost, normal purchase price Full call number Barcode Copy number Cost, replacement price Koha item type
      Non-fiction Ashok Vihar Ashok Vihar 27/09/2016 DBAD/PUB 400.00 371.2 TRI EN-99649 1 400.00 English Books

© Delhi Public Library
Hit Counter
free hit counter